Clemson Head Football Coaches by Picture - Statistics

General Stats
  • This quiz has been taken 29 times
  • The average score is 6 of 25
Answer Stats
Picture Hint Answer % Correct
2008-Present Dabo Swinney
96%
1999-2008 Tommy Bowden
87%
1978-1989 Danny Ford
70%
1900-1903 John Heisman
65%
1940-1969 Frank Howard
57%
1990-1993 Ken Hatfield
39%
1993-1998 Tommy West
35%
1977-1978 Charley Pell
26%
1906 | 1909 | 1913-1915 | 1926 Bob Williams
9%
1931-1939 Jess Neely
9%
1896 | 1899 Walter Riggs
9%
1897 William M. Williams
9%
1923-1926 Bud Saunders
4%
1905 Eddie Cochems
4%
1917-1920 Edward Donahue
4%
1921-1922 E. J. Stewart
4%
1910-1912 Frank Dobson
4%
1907 Frank Shaughnessy
4%
1970-1972 Hootie Ingram
4%
1898 John Penton
4%
1927-1930 Josh Cody
4%
1973-1976 Red Parker
4%
1904 Shack Shealy
4%
1908 Stein Stone
4%
1916 Wayne Hart
4%
No matching quizzes found
Score Distribution
Percent of People with Each Score
Percentile by Number Answered
Your Score History
You have not taken this quiz